[Event "Hessen-ch Seniors op 08th"]
[Site "Bad Sooden-Allendorf"]
[Date "2012.04.15"]
[Round "2"]
[White "Bill, Eugen"]
[Black "Richter, Hildegard"]
[Result "1/2-1/2"]
[WhiteElo "1875"]
[BlackElo "1881"]
[PlyCount "41"]
[EventDate "2012.04.14"]
[EventType "swiss"]
[EventRounds "9"]
[EventCountry "GER"]
[SourceTitle "EXT 2019"]
[Source "ChessBase"]
[SourceDate "2018.10.10"]
[SourceVersion "1"]
[SourceVersionDate "2018.10.10"]
[SourceQuality "1"]

1. d4 Nf6 2. Nf3 e6 3. c4 d5 4. Nc3 c6 5. Bg5 Be7 6. e3 Nbd7 7. cxd5 Nxd5 8. Bxe7 Qxe7 9. Bd3 N7f6 10. 0-0 0-0 11. Nxd5 exd5 12. Qc2 h6 13. a3 Re8 14. b4 Ne4 15. Ne5 Nf6 16. Rac1 Be6 17. Qb2 Nd7 18. Nxd7 Qxd7 19. b5 Rab8 20. Rb1 Qd6 21. Rfc1 1/2-1/2

[Event "GER-ch Seniors-B 20th"]
[Site "Erfurt"]
[Date "2008.08.13"]
[Round "9"]
[White "Auerswald, Klaus"]
[Black "Richter, Hildegard"]
[Result "1-0"]
[WhiteElo "1668"]
[BlackElo "1585"]
[PlyCount "65"]
[EventDate "2008.08.05"]
[EventType "swiss"]
[EventRounds "9"]
[EventCountry "GER"]
[SourceTitle "CBM 126 Extra"]
[Source "ChessBase"]
[SourceDate "2008.11.05"]
[SourceVersion "1"]
[SourceVersionDate "2008.11.05"]
[SourceQuality "1"]

1. e4 c5 2. Nc3 a6 3. g3 Nc6 4. d3 d6 5. Bg2 e6 6. f4 Nge7 7. Nh3 Nd4 8. 0-0 Rb8 9. Be3 Nec6 10. Ne2 Bd7 11. c3 Nxe2+ 12. Qxe2 Be7 13. d4 cxd4 14. cxd4 Nb4 15. Qd2 a5 16. a3 Na6 17. f5 exf5 18. exf5 Bb5 19. Rf2 d5 20. Rc1 0-0 21. g4 Bh4 22. Rf3 b6 23. g5 f6 24. g6 Rc8 25. Rxc8 Qxc8 26. Rf4 Bg5 27. Nxg5 fxg5 28. Bxd5+ Kh8 29. Be6 gxf4 30. Bxc8 fxe3 31. Qc3 e2 32. Be6 hxg6 33. Qh3# 1-0

[Event "GER-ch Seniors-B 20th"]
[Site "Erfurt"]
[Date "2008.08.09"]
[Round "5"]
[White "Richter, Hildegard"]
[Black "Fritsch, Wolfgang"]
[Result "1/2-1/2"]
[WhiteElo "1585"]
[BlackElo "1646"]
[PlyCount "42"]
[EventDate "2008.08.05"]
[EventType "swiss"]
[EventRounds "9"]
[EventCountry "GER"]
[SourceTitle "CBM 126 Extra"]
[Source "ChessBase"]
[SourceDate "2008.11.05"]
[SourceVersion "1"]
[SourceVersionDate "2008.11.05"]
[SourceQuality "1"]

1. d4 Nf6 2. Bg5 d5 3. c3 Bf5 4. Nf3 h6 5. Bf4 Nbd7 6. e3 e6 7. h3 Be7 8. Bd3 Bxd3 9. Qxd3 0-0 10. Nbd2 c5 11. 0-0 Qb6 12. Rab1 cxd4 13. exd4 Bd6 14. Ne5 Qc7 15. Rfe1 Rfe8 16. Qf3 Bxe5 17. dxe5 Nh7 18. Qg3 Kh8 19. Nf3 Nc5 20. Nd4 a6 21. h4 Qe7 1/2-1/2

[Event "Hessen-ch Seniors op 03rd"]
[Site "Bad Sooden-Allendorf"]
[Date "2007.04.30"]
[Round "3"]
[White "Huhn, Ulrich"]
[Black "Richter, Hildegard"]
[Result "1-0"]
[WhiteElo "1840"]
[BlackElo "1675"]
[PlyCount "103"]
[EventDate "2007.04.27"]
[EventType "swiss"]
[EventRounds "9"]
[EventCountry "GER"]
[SourceTitle "EXT 2022"]
[Source "ChessBase"]
[SourceDate "2021.10.06"]
[SourceVersion "1"]
[SourceVersionDate "2021.10.06"]
[SourceQuality "1"]

1. d4 d5 2. Nc3 c6 3. Bg5 Nd7 4. e4 dxe4 5. Nxe4 Qa5+ 6. Qd2 Qxd2+ 7. Kxd2 Nb6 8. Re1 e6 9. Nf3 h6 10. Bf4 Nf6 11. Nd6+ Bxd6 12. Bxd6 Bd7 13. Ne5 Nc8 14. Ba3 Ne7 15. f4 Nfd5 16. g3 f6 17. Nc4 Nf5 18. c3 b5 19. Na5 b4 20. Bh3 bxa3 21. Bxf5 Kf7 22. Bd3 axb2 23. Rb1 Rab8 24. Nc4 Nc7 25. Nxb2 Nb5 26. Nc4 Nc7 27. Nd6+ Ke7 28. Ne4 Nb5 29. Rb3 Rb6 30. Nc5 Nc7 31. Re1 Rxb3 32. axb3 Re8 33. Bg6 Rb8 34. Ra1 Ra8 35. b4 Be8 36. Be4 Nb5 37. Ra5 Nd6 38. Bd3 Bd7 39. Ra1 Bc8 40. Be2 Nb5 41. Bf3 Bd7 42. Kd3 Nc7 43. Ra5 Be8 44. Be4 e5 45. fxe5 fxe5 46. dxe5 Nd5 47. Na6 Rd8 48. Bxd5 cxd5 49. Kd4 Bf7 50. Nc7 Kd7 51. Nxd5 Kc6 52. c4 1-0

[Event "Hessen-ch Seniors op 01st"]
[Site "Bad Sooden-Allendorf"]
[Date "2005.04.30"]
[Round "9"]
[White "Lange, Lutz"]
[Black "Richter, Hildegard"]
[Result "1-0"]
[WhiteElo "1763"]
[BlackElo "1682"]
[PlyCount "83"]
[EventDate "2005.04.22"]
[EventType "swiss"]
[EventRounds "9"]
[EventCountry "GER"]
[SourceTitle "EXT 2007"]
[Source "ChessBase"]
[SourceDate "2006.11.23"]
[SourceVersion "1"]
[SourceVersionDate "2006.11.23"]
[SourceQuality "1"]

1. d4 e6 2. c4 Nf6 3. Nc3 Bb4 4. Qc2 c5 5. e3 Nc6 6. Nf3 b6 7. Be2 Bb7 8. 0-0 Bxc3 9. bxc3 0-0 10. e4 d6 11. d5 Na5 12. Bd3 e5 13. Ne1 Ba6 14. Qe2 Bc8 15. h3 h6 16. f4 Qd7 17. fxe5 dxe5 18. Bxh6 Nh7 19. Bd2 Qa4 20. Nf3 f6 21. Be3 Ba6 22. Nd2 Rab8 23. Rfc1 Rf7 24. Bc2 Qd7 25. Rcb1 Nb7 26. Qd1 Nd6 27. Ba4 Qd8 28. Qb3 Rc8 29. Bc6 Rcc7 30. a4 f5 31. a5 Bc8 32. axb6 axb6 33. Qxb6 f4 34. Bxc5 Bxh3 35. Ra8 Nc8 36. Nf3 Bxg2 37. Kxg2 Ng5 38. Rxc8 Rxc8 39. Qxd8+ Rxd8 40. Nxg5 Rf6 41. Be7 f3+ 42. Kf2 1-0

[Event "Hessen-ch Seniors op 01st"]
[Site "Bad Sooden-Allendorf"]
[Date "2005.04.28"]
[Round "7"]
[White "Hensel, Dorothea"]
[Black "Richter, Hildegard"]
[Result "1/2-1/2"]
[WhiteElo "1532"]
[BlackElo "1682"]
[PlyCount "42"]
[EventDate "2005.04.22"]
[EventType "swiss"]
[EventRounds "9"]
[EventCountry "GER"]
[SourceTitle "EXT 2007"]
[Source "ChessBase"]
[SourceDate "2006.11.23"]
[SourceVersion "1"]
[SourceVersionDate "2006.11.23"]
[SourceQuality "1"]

1. Nf3 d5 2. d4 e6 3. g3 Nf6 4. Bg2 Be7 5. 0-0 Nbd7 6. Nbd2 0-0 7. c4 c6 8. b3 a5 9. a3 Rb8 10. Bb2 Bd6 11. Qc2 Re8 12. Ne5 Nf8 13. e4 N6d7 14. Nxd7 Bxd7 15. exd5 cxd5 16. cxd5 exd5 17. Bxd5 Qg5 18. Be4 h5 19. Nf3 Qg4 20. Ne5 Bxe5 21. dxe5 Ng6 1/2-1/2

[Event "Hessen-ch Seniors op 01st"]
[Site "Bad Sooden-Allendorf"]
[Date "2005.04.26"]
[Round "5"]
[White "Runde, Heinz"]
[Black "Richter, Hildegard"]
[Result "0-1"]
[WhiteElo "1529"]
[BlackElo "1682"]
[PlyCount "60"]
[EventDate "2005.04.22"]
[EventType "swiss"]
[EventRounds "9"]
[EventCountry "GER"]
[SourceTitle "EXT 2007"]
[Source "ChessBase"]
[SourceDate "2006.11.23"]
[SourceVersion "1"]
[SourceVersionDate "2006.11.23"]
[SourceQuality "1"]

1. d4 Nf6 2. Nf3 e6 3. e3 c5 4. c3 d5 5. Bd3 Nbd7 6. Nbd2 Bd6 7. 0-0 a6 8. Qe2 0-0 9. Re1 Qc7 10. e4 dxe4 11. Nxe4 Nxe4 12. Bxe4 cxd4 13. cxd4 Nf6 14. Qd3 Bd7 15. a4 Rac8 16. Bg5 Nxe4 17. Qxe4 Bc6 18. Qd3 h6 19. Bd2 Bxf3 20. gxf3 Bxh2+ 21. Kg2 Bf4 22. Rac1 Qd6 23. Be3 Bxe3 24. fxe3 Rc6 25. Qd2 Rfc8 26. Rxc6 Qxc6 27. Qb4 Qd5 28. Re2 Rc1 29. Kf2 Qg5 30. Re1 Rc2+ 0-1

[Event "Bad Wildbad Seniors op"]
[Site "Bad Wildbad"]
[Date "2004.11.03"]
[Round "6"]
[White "Richter, Hildegard"]
[Black "Schmidt, Erhard"]
[Result "0-1"]
[WhiteElo "1944"]
[BlackElo "2118"]
[PlyCount "70"]
[EventDate "2004.10.??"]
[EventType "swiss"]
[EventRounds "9"]
[EventCountry "GER"]
[SourceTitle "EXT 2005"]
[Source "ChessBase"]
[SourceDate "2004.11.15"]
[SourceVersion "1"]
[SourceVersionDate "2004.11.15"]
[SourceQuality "1"]

1. c4 Nf6 2. Nc3 g6 3. g3 Bg7 4. Bg2 e5 5. e3 0-0 6. Nge2 c6 7. d4 d6 8. 0-0 Nbd7 9. Rb1 Re8 10. Qc2 a5 11. d5 Qc7 12. dxc6 bxc6 13. e4 Bb7 14. Be3 d5 15. cxd5 cxd5 16. exd5 Bxd5 17. Qd2 Bxg2 18. Kxg2 Nb6 19. Bxb6 Qxb6 20. Rfd1 Rad8 21. Qe1 Rxd1 22. Nxd1 Nd5 23. Nec3 Nb4 24. Qe3 Qe6 25. f3 Nxa2 26. Ra1 Nxc3 27. bxc3 Qb3 28. Qd3 a4 29. Qa6 Rd8 30. Nf2 Qxc3 31. Qxa4 e4 32. Ra3 exf3+ 33. Kh3 Qc8+ 34. g4 h5 35. Rxf3 Rd4 0-1

[Event "Wch Seniors (Women) 13th"]
[Site "Bad Zwischenahn"]
[Date "2003.11.27"]
[Round "9"]
[White "Beliaeva, Natalia"]
[Black "Richter, Hildegard"]
[Result "1-0"]
[WhiteElo "2113"]
[BlackElo "1965"]
[PlyCount "77"]
[EventDate "2003.11.16"]
[EventType "swiss"]
[EventRounds "9"]
[EventCountry "GER"]
[SourceTitle "CBM 097 Extra"]
[Source "ChessBase"]
[SourceDate "2004.01.13"]
[SourceVersion "1"]
[SourceVersionDate "2004.01.13"]
[SourceQuality "1"]

1. f4 Nf6 2. Nf3 d5 3. e3 a6 4. b3 Bg4 5. Bb2 c5 6. Be2 e6 7. 0-0 Be7 8. d3 Nc6 9. Nbd2 Qc7 10. Ne5 Bxe2 11. Qxe2 Bd6 12. Ndf3 h6 13. Kh1 Rg8 14. c4 Ne7 15. Rac1 Nh7 16. cxd5 exd5 17. e4 f6 18. exd5 0-0-0 19. Nf7 Rde8 20. Qe6+ Kb8 21. Qxd6 Nf5 22. Qxc7+ Kxc7 23. Rxc5+ Kd7 24. Rfc1 Rc8 25. Ba3 Rxc5 26. Rxc5 Re8 27. N7e5+ fxe5 28. fxe5 Ng5 29. e6+ Kd8 30. d6 Nxe6 31. Rxf5 Nd4 32. Re5 Rf8 33. Bc5 Nc6 34. Re4 g5 35. h3 Rf5 36. b4 Kd7 37. Nd4 Rf7 38. Nxc6 bxc6 39. Re7+ 1-0